Countries Baby Keem has Visited - Statistics

General Stats
  • This quiz has been taken 30 times
    12 since last reset
  • The average score is 14 of 17
Answer Stats
Continent Country % Correct
Oceania Australia
100%
North America Canada
100%
Europe France
100%
Europe Germany
100%
North America United States of America
100%
Europe Belgium
86%
Europe Ireland
86%
Europe Netherlands
86%
Europe Portugal
86%
Europe Spain
86%
Europe United Kingdom
86%
Oceania New Zealand
71%
Europe Sweden
71%
Europe Denmark
57%
Europe Norway
57%
Europe Switzerland
57%
Europe Czech Republic
43%
No matching quizzes found
Score Distribution
Percent of People with Each Score
Percentile by Number Answered
Your Score History
You have not taken this quiz since the last reset